Il matrimonio di Maria Braun /

Kaydedildi:
Detaylı Bibliyografya
Yazar: Zwerenz, Gerhard (Yazar)
Diğer Yazarlar: Martini Vigezzi, Simona (Çevirmen)
Materyal Türü: Kitap
Dil:İtalyanca
Baskı/Yayın Bilgisi: Milano : Biblioteca universale Rizzoli, 1981
Seri Bilgileri:BUR ; 434
Etiketler: Etiketle
Etiket eklenmemiş, İlk siz ekleyin!

MARC

LEADER 00000nam a22000007i 4500
001 IT\ICCU\SBL\0316246
003 ItRI
005 20260115232256.0
008 910930s1981 it |||||| ||||| |||||c
015 |2 IT  |a 837718 
040 |b ita  |c importazione bologna sebina 
041 7 |a ita  |2 ISO-639-2 
082 |a 833.9  |9 NARRATIVA TEDESCA. 1900-  |2 18 
100 1 |a Zwerenz, Gerhard  |0 IT\ICCU\SBLV\168642  |4 aut 
240 1 4 |a Die Ehe der Maria Braun .  |3 IT\ICCU\SBL\0316247  |9 Zwerenz, Gerhard 
245 1 3 |a Il matrimonio di Maria Braun /  |c Gerhard Zwerenz ; traduzione di Simona Vigezzi. 
260 |a Milano :  |b Biblioteca universale Rizzoli,  |c 1981 
300 |a 211 p. :  |b ill. ;  |c 18 cm. 
700 1 |a Martini Vigezzi, Simona  |0 IT\ICCU\CFIV\036332  |4 trl 
790 1 |a Vigezzi, Simona  |3 IT\ICCU\CFIV\164203  |z Martini Vigezzi, Simona 
790 1 |a Vigezzi Martini, Simona  |3 IT\ICCU\SBNV\075370  |z Martini Vigezzi, Simona 
790 1 |a Martini, Simona  |3 IT\ICCU\SBNV\075378  |z Martini Vigezzi, Simona 
830 0 |a BUR ;  |v 434  |0 IT\ICCU\CFI\0001538 
942 |2 ddc  |c BK  |n 0 
952 |0 0  |1 0  |4 0  |6 DOC_833_000000000000000_ZWE  |7 0  |9 23404  |a BO  |b BO  |d 2026-01-15  |i 2446  |l 0  |o DOC 833 ZWE  |p BO2446  |r 2026-01-15 23:22:56  |w 2026-01-15  |x [Sebina 5] [1 v.]  |y BK  |z 1 v. 
952 |0 0  |1 0  |4 0  |6 DOC_833_000000000000000_ZWE  |7 0  |9 23405  |a BO  |b BO  |d 2026-01-15  |i 2669  |l 0  |o DOC 833 ZWE  |p BO2669  |r 2026-01-15 23:22:56  |w 2026-01-15  |x [Sebina 5] [1 v.]  |y BK  |z 1 v. 
999 |c 19949  |d 19949